Traduction fr-en: L’heure - Statistiques

Statistiques générales
  • Ce quiz a été pris 40 fois
  • Le résultat moyen est 4 sur 10
Statistiques - réponses
Heure à traduire Heure traduite % Correct
8 heures Eight o’clock
100%
7h30 Half past seven
43%
9h05 Five past nine
37%
11h10 Ten past eleven
37%
17h15 A quarter past five
34%
Trois heures et quart A quarter past three
31%
Cinq heures moins dix Ten to five
26%
10h34 Thirty four past ten
26%
Huit heures moins le quart A quarter to eight
23%
Deux heures moins vingt Twenty to two
23%
Aucun quiz correspondant
Distribution des résultats
% des personnes avec chaque résultat
Percentile par nombre de réponses
Votre historique - résultats
Vous n’avez pas pris ce quiz